| 000 | 00985cab a2200241 4500 | ||
|---|---|---|---|
| 001 | WB3106-14 | ||
| 008 | 090401t1995 xxu||||| |||| 00| 0 eng d | ||
| 035 | _a(Sirsi) u70602 | ||
| 041 | _aeng | ||
| 245 | _aBlighted homes | ||
| 260 | _c1995 | ||
| 350 | _a0 | ||
| 490 |
_aFinancial Times _v9 February 1995, 10; |
||
| 490 |
_aIndependent _v9 February 1995, 2 |
||
| 520 | _aThe DTp has rejected an ombudsman`s report which found that government should have compensated people in Kent whose homes were blighted by delays over the choice of the route for the Channel Tunnel rail link. The CA ruling ordering the DTp to purchase Retired Colonel Owen`s blighted home at its pre-blight price has also been ignored. | ||
| 650 | _aBLIGHT | ||
| 650 | _aCHANNEL TUNNEL RAIL LINK | ||
| 650 | _aCOLONEL OWEN | ||
| 650 | _aCOMPENSATION | ||
| 690 | _aENVIRONMENTAL AND LAND CONSULTANCY-PLANNING AND DEVELOPMENT-COMPULSORY PURCHASE AND COMPENSATION | ||
| 942 | _n0 | ||
| 948 | _c04/03/1997 | ||
| 999 |
_c44423 _d44423 |
||